• 首页
  • 本馆介绍
  • 公告通知
  • 最新文献
  • 馆藏检索
  • 电子资源
  • 读者导购
  • 参考咨询
  • 我的图书馆
  • 登录
  • 详细信息显示
  • 放入我的书架
  • 预约/预借图书
  • 作者相关作品
  • 分类相关作品
  • 丛书相关作品
  • 出版社相关作品

书目信息

  • 表格格式
  • 工作单格式
  • 卡片格式
题名:
印度古代语言论集
    
 
作者: 季羡林 著
分册:  
出版信息: 北京   中国社会科学出版社  1982
页数: 438页
开本: 21cm
丛书名:
单 册:
中图分类: H71-53
科图分类:
主题词: 印度语支-语言学--文集 , 语言学-印度语支--文集
电子资源:
ISBN:
000 00659nam0 2200241 45
001 0182005043
005 20060820104318.78
010    @dCNY4.00@b精装
091    @aCN@b9190.002
100    @a19950629d1982 emky0chiy0121 ea
101 0  @achi
102    @aCN@b110000
105    @ay z 000yy
200 10 @a印度古代语言论集@Ayin du gu dai yu yan lun ji@f季羡林著
210    @a北京@c中国社会科学出版社@d1982
215    @a438页@d21cm
606    @a印度语支-语言学@x文集
606    @a语言学-印度语支@x文集
690    @aH71-53@v3
701  0 @a季羡林@Aji xian lin@4著
801  0 @aCN@bTSSF@c20060820
801  2 @aCN@bNLC@c20060803
905    @a10447@dH71-53@e7
    
    印度古代语言论集/季羡林著.-北京:中国社会科学出版社,1982
    438页;21cm
    
    
    ISBN (精装):CNY4.00
    
●
相关链接 在E读中查询图书 在五车中查询图书 在当当中查询图书 在豆瓣中查询图书


正题名:印度古代语言论集     索取号:H71-53/7         预约/预借

序号 登录号 条形码 馆藏地/架位号 状态 备注
1 0444489   204444896   密集书库/ [索取号:H71-53/7] 在馆    
2 0467142   204671426   密集书库/ [索取号:H71-53/7] 在馆    
唐山师范学院图书馆 欢迎您!
大连网信软件有限公司© 版权所有